Učebnica nemčiny pre samoukov a kurzy

Salvato in:
Dettagli Bibliografici
Natura: Libro
Lingua:slovacco
Pubblicazione: Bratislava Slov. ped. nakl. 1987
Edizione:4. vyd.
Tags: Aggiungi Tag
Nessun Tag, puoi essere il primo ad aggiungerne!!

MARC

LEADER 00000nam a2200000 4500
001 c025981
005 20250717110606.9
041 0 |a slo 
044 |a SK 
245 1 0 |a Učebnica nemčiny pre samoukov a kurzy  |c Irena Vaverková 
250 |a 4. vyd. 
264 1 |a Bratislava  |b Slov. ped. nakl.  |c 1987 
300 |a 732 s.  |e 119 s. príl